| 000 | 00460nam a22001457a 4500 | ||
|---|---|---|---|
| 008 | 240911b |||||||| |||| 00| 0 eng d | ||
| 040 |
_aNational Science Library _cNational Science Library |
||
| 080 |
_a58(082.2) _bJ5.2 |
||
| 100 |
_aSirks, M J _913274 |
||
| 245 |
_aZesde internationaal botanisch congres _c/ Proceedings Amsterdam 2-7 September 1935 |
||
| 260 |
_aLeiden: _bE J Brill, _c1935 |
||
| 300 | _axiii, 317p. | ||
| 500 | _aVol. II | ||
| 942 |
_2udc _cPR |
||
| 999 |
_c66980 _d66980 |
||